| 000 | 00545nam a22001697a 4500 | ||
|---|---|---|---|
| 003 | OSt | ||
| 005 | 20140310182946.0 | ||
| 008 | 130205t xxu||||| |||| 00| 0 eng d | ||
| 050 |
_aKPM 2790 _b.R457 2009 |
||
| 100 | _aReyes,Virgilio D. | ||
| 245 |
_aA reviewer in taxation _bfor the CPA review, for the bar review, and for the enhancement course in taxation _cVirgilio D. Reyes |
||
| 260 |
_aManila : _bV. D. Reyes, _c2009. |
||
| 300 |
_a1 v. (various pagings) : _bill. ; _c26 cm. |
||
| 521 | _aBSA | ||
| 942 |
_2lcc _cBK _kLOC |
||
| 999 |
_c17815 _d17815 |
||